[Event "Werner Ott Kreuzberger 2019"]
[Site "Berlin"]
[Date "2019.06.28"]
[Round "7.2"]
[White "Krueger, Robin Kevin"]
[Black "Malek, Daniel"]
[Result "0-1"]
[WhiteElo "2009"]
[BlackElo "2362"]
[Annotator "TA"]
[PlyCount "50"]
[EventDate "2019.06.22"]
[EventType "swiss"]
[EventCountry "GER"]
[SourceTitle "playchess.com"]
[Source "ChessBase"]
[SourceQuality "1"]

{[%evp 26,68,0,0,12,-112,-111,-108,-101,-126,-116,-140,-129,-136,-124,-118,-118,-108,-116,-118,-114,-124,-120,-813,-803,-1032,-1160,-1131,-1140,-1478,-1481,-1307,-1412,-1131,-1129,-1129,-991,-702,-693,-1590,-1543,-1178,-1260,-1612,-1558]} 1. e4 c6 2. d4 d5 3. exd5 cxd5 4. c4 Nf6 5. Nc3 e6 6. Nf3 Bb4 7. cxd5 Nxd5 8. Qc2 Nc6 9. Bd3 Ba5 10. a3 Nxc3 11. bxc3 Nxd4 12. Nxd4 Qxd4 13. Bb5+ Bd7 14. O-O Qd5 {[#] B14: Caro-Kann: Panov-Botvinnik Attack with 5...e6 and 5...g6} 15. a4 $146 (15. c4 $1 $11 Qf5 16. Bxd7+ Kxd7 17. Qa4+ Ke7 18. Be3 (18. Rd1 Rhd8 $15)) ({Predecessor:} 15. c4 Qf5 16. Bxd7+ Kxd7 17. Qb3 b6 18. Rd1+ Ke7 19. a4 Rhd8 20. Ba3+ Kf6 21. Bd6 g5 22. Qb2+ {½-½ (60) Kasimdzhanov,R (2690)-Macieja,B (2606) Germany 2008}) 15... Bc6 $1 $17 16. Bxc6+ Qxc6 {Black is better.} 17. Ba3 O-O-O $1 ({Inferior is} 17... Qxc3 18. Qe4 $16) ({Don't play} 17... Bxc3 $6 18. Rad1 $11) 18. Rfb1 Kb8 ({Worse is} 18... Qxc3 19. Qxc3+ Bxc3 20. Rc1 $16) 19. Rb5 Qxc3 20. Qb1 Rd7 21. Bb2 {[#]} Qd2 $1 22. Bxg7 Rhd8 $40 {[%mdl 128] Black wants a kill.} 23. Be5+ Ka8 {( -> ...Qd1+)} 24. g3 $2 {[%mdl 8192] [#]} (24. Qf1 $17) 24... Qe2 $1 $19 {Black is clearly winning.} 25. Qxh7 {[#]} Be1 {Played: Ba5-b6} 0-1

[Event "Werner Ott Kreuzberger 2019"]
[Site "Berlin"]
[Date "2019.06.29"]
[Round "8.1"]
[White "Noetzel, Felix"]
[Black "Malek, Daniel"]
[Result "1-0"]
[WhiteElo "2203"]
[BlackElo "2362"]
[Annotator "ChessBase"]
[PlyCount "91"]
[EventDate "2019.06.22"]
[EventType "swiss"]
[EventCountry "GER"]
[SourceTitle "playchess.com"]
[Source "ChessBase"]
[SourceQuality "1"]
[TimeControl "40/5400+30:1800+30"]

1. e4 {[%emt 0:00:00]} e6 {[%emt 0:00:00]} 2. d4 {[%emt 0:00:09]} d5 {[%emt 0:00:00]} 3. exd5 {[%emt 0:00:22]} exd5 {[%emt 0:00:00]} 4. Bd3 {[%emt 0:00:11]} c5 {[%emt 0:00:13]} 5. Nf3 {[%emt 0:00:30]} c4 {[%emt 0:01:00]} 6. Be2 {[%emt 0:00:25]} Bd6 {[%emt 0:01:02]} 7. b3 {[%emt 0:00:56]} cxb3 {[%emt 0:00:11]} 8. axb3 {[%emt 0:00:07]} Ne7 {[%emt 0:00:26]} 9. O-O {[%emt 0:02:02]} O-O {[%emt 0:00:07]} 10. Na3 {[%emt 0:02:32]} Nbc6 {[%emt 0:03:32]} 11. c4 {[%emt 0:03:55]} Bf5 {[%emt 0:05:24]} 12. c5 {[%emt 0:06:26]} Bc7 {[%emt 0:01:59]} 13. Nb5 {[%emt 0:08:54]} Re8 {[%emt 0:05:12]} 14. Be3 {[%emt 0:12:41]} Be4 {[%emt 0:06:56]} 15. Ng5 {[%emt 0:10:14]} Bg6 {[%emt 0:01:58]} 16. Bf3 {[%emt 0:04:15]} Bb8 {[%emt 0:18:37]} 17. Qd2 {[%emt 0:10:03]} a6 {[%emt 0:20:16]} 18. Nh3 {[%emt 0:16:33]} axb5 {[%emt 0:11:50]} 19. Rxa8 {[%emt 0:00:05]} Bxh2+ {[%emt 0:00:08]} 20. Kxh2 {[%emt 0:00:04]} Qxa8 {[%emt 0:00:07]} 21. Nf4 {[%emt 0:00:19]} Rd8 {[%emt 0:00:07]} 22. Nxg6 {[%emt 0:03:42]} hxg6 {[%emt 0:00:32]} 23. g4 {[%emt 0:05:24]} b4 {[%emt 0:00:29]} 24. Bf4 {[%emt 0:02:58]} Qa3 {[%emt 0:03:43]} 25. Qe3 {[%emt 0:00:30]} Qb2 {[%emt 0:00:51]} 26. Rd1 {[%emt 0:01:46]} Nc8 {[%emt 0:04:24]} 27. Bxd5 {[%emt 0:04:20]} Rxd5 {[%emt 0:01:00]} 28. Qe8+ {[%emt 0:00:04]} Kh7 {[%emt 0:00:08]} 29. Kg2 {[%emt 0:00:16]} N8e7 {[%emt 0:03:24]} 30. Rh1+ {[%emt 0:00:55]} Rh5 {[%emt 0:00:01]} 31. gxh5 {[%emt 0:00:09]} Qxd4 {[%emt 0:04:06]} 32. hxg6+ {[%emt 0:03:11]} Kxg6 {[%emt 0:00:03]} 33. Bg3 {[%emt 0:01:48]} Qd5+ {[%emt 0:02:58]} 34. Kg1 {[%emt 0:00:23]} Nf5 {[%emt 0:01:54]} 35. Qe2 {[%emt 0:00:35]} Ncd4 {[%emt 0:00:46]} 36. Qh5+ {[%emt 0:00:22]} Kf6 {[%emt 0:00:03]} 37. Bh4+ {[%emt 0:00:33]} Ke6 {[%emt 0:00:15]} 38. Rh3 {[%emt 0:00:39]} Qe4 {[%emt 0:01:56]} 39. Bg5 {[%emt 0:00:38]} g6 {[%emt 0:00:54]} 40. Qd1 {[%emt 0:00:17]} Ne2+ {[%emt 0:01:59]} 41. Kf1 {[%emt 0:04:45]} Ned4 {[%emt 0:02:03]} 42. f3 {[%emt 0:20:39]} Qe5 {[%emt 0:11:07]} 43. Qd3 {[%emt 0:00:49]} Qxc5 {[%emt 0:01:39]} 44. Rh8 {[%emt 0:01:30]} Qc6 {[%emt 0:03:29]} 45. Kf2 {[%emt 0:02:36]} f6 {[%emt 0:08:15]} 46. Bd2 {[%emt 0:03:28]} 1-0

[Event "Werner Ott Kreuzberger 2019"]
[Site "Berlin"]
[Date "2019.06.29"]
[Round "8.2"]
[White "Vogel, Constantin"]
[Black "Stern, Rene"]
[Result "0-1"]
[WhiteElo "2073"]
[BlackElo "2538"]
[Annotator "RC"]
[PlyCount "62"]
[EventDate "2019.06.22"]
[EventType "swiss"]
[EventCountry "GER"]
[SourceTitle "playchess.com"]
[Source "ChessBase"]
[SourceQuality "1"]
[TimeControl "40/5400+30:1800+30"]

1. c4 {[%emt 0:00:38]} b6 {[%emt 0:00:00]} 2. Nc3 {[%emt 0:01:28]} Bb7 {[%emt 0:00:00]} 3. d4 {[%emt 0:00:44]} e6 {[%emt 0:00:00]} 4. e4 {[%emt 0:00:33]} Bb4 {[%emt 0:00:01]} 5. Bd3 {[%emt 0:03:48]} f5 {[%emt 0:08:21]} 6. Qh5+ {[%emt 0:14:10]} g6 {[%emt 0:00:13]} 7. Qe2 {[%emt 0:00:18]} Nf6 {[%emt 0:00:27]} 8. e5 {[%emt 0:12:41]} Ne4 {[%emt 0:28:29]} 9. Bxe4 {[%emt 0:00:26]} Bxe4 {[%emt 0:00:05]} 10. f3 {[%emt 0:04:40]} Bb7 {[%emt 0:00:06]} 11. h4 {[%emt 0:01:56]} Nc6 {[%emt 0:09:03]} 12. Qd3 {[%emt 0:08:26]} Be7 {[%emt 0:02:06]} 13. g3 {[%emt 0:00:54]} d6 {[%emt 0:01:41]} 14. exd6 {[%emt 0:01:47]} Qxd6 {[%emt 0:01:33]} 15. Bf4 {[%emt 0:05:32]} e5 {[%emt 0:04:38]} 16. Nb5 {[%emt 0:01:06]} Qd7 {[%emt 0:00:17]} 17. Bh6 {[%emt 0:05:17]} a6 {[%emt 0:01:38]} 18. Nc3 {[%emt 0:00:51]} exd4 {[%emt 0:03:42]} 19. Nd5 {[%emt 0:00:41]} Nb4 {[%emt 0:00:29]} 20. Nxb4 {[%emt 0:00:20]} Bxb4+ {[%emt 0:00:05]} 21. Kf2 {[%emt 0:00:34]} O-O-O {[%emt 0:03:38]} 22. Ne2 {[%emt 0:00:52]} Rhe8 {[%emt 0:06:17]} 23. Rhd1 {[%emt 0:01:17]} Bc5 {[%emt 0:01:57]} 24. Ng1 {[%emt 0:02:15]} Re6 {[%emt 0:03:12]} 25. a3 {[%emt 0:00:49]} a5 {[%emt 0:00:06]} 26. Rab1 {[%emt 0:02:29]} a4 {[%emt 0:00:19]} 27. Kf1 {[%emt 0:02:06]} Rde8 {[%emt 0:04:08]} 28. Re1 {[%emt 0:00:54]} Rxe1+ {[%emt 0:02:40]} 29. Rxe1 {[%emt 0:00:04]} Rxe1+ {[%emt 0:00:17]} 30. Kxe1 {[%emt 0:00:04]} Ba6 {[%emt 0:00:14]} 31. Ne2 {[%emt 0:00:45]} Qe6 {[%emt 0:00:31]} 0-1

[Event "Werner Ott Kreuzberger 2019"]
[Site "Berlin"]
[Date "2019.06.30"]
[Round "9.1"]
[White "Gebigke, Martin"]
[Black "Noetzel, Felix"]
[Result "0-1"]
[WhiteElo "2086"]
[BlackElo "2203"]
[Annotator "NA"]
[PlyCount "72"]
[EventDate "2019.06.22"]
[EventType "swiss"]
[EventCountry "GER"]
[SourceTitle "playchess.com"]
[Source "ChessBase"]
[SourceQuality "1"]
[TimeControl "40/5400+30:1800+30"]

1. d4 {[%emt 0:00:00]} d5 {[%emt 0:00:00]} 2. c4 {[%emt 0:00:00]} e6 {[%emt 0:00:00]} 3. Nf3 {[%emt 0:00:00]} c6 {[%emt 0:00:09]} 4. g3 {[%emt 0:00:00]} dxc4 {[%emt 0:00:38]} 5. Bg2 {[%emt 0:00:00]} b5 {[%emt 0:02:38]} 6. O-O {[%emt 0:04:12]} Bb7 {[%emt 0:01:07]} 7. a4 {[%emt 0:03:49]} Nd7 {[%emt 0:04:21]} 8. Qc2 {[%emt 0:02:47]} Ngf6 {[%emt 0:03:55]} 9. e4 {[%emt 0:10:00]} Be7 {[%emt 0:03:44]} 10. Rd1 {[%emt 0:02:15]} O-O {[%emt 0:05:03]} 11. Bf4 {[%emt 0:11:16]} Qc8 {[%emt 0:08:25]} 12. Nbd2 {[%emt 0:06:03]} h6 {[%emt 0:06:05]} 13. h4 {[%emt 0:04:41]} a6 {[%emt 0:02:02]} 14. Bh3 {[%emt 0:02:41]} Rd8 {[%emt 0:15:06]} 15. g4 {[%emt 0:16:28]} c5 {[%emt 0:04:08]} 16. g5 {[%emt 0:08:28]} Nh5 {[%emt 0:03:32]} 17. Be3 {[%emt 0:00:34]} hxg5 {[%emt 0:11:09]} 18. hxg5 {[%emt 0:02:33]} cxd4 {[%emt 0:03:24]} 19. Nxd4 {[%emt 0:00:34]} Ne5 {[%emt 0:00:18]} 20. N2f3 {[%emt 0:04:57]} Nxf3+ {[%emt 0:05:14]} 21. Nxf3 {[%emt 0:00:03]} Qc7 {[%emt 0:00:37]} 22. axb5 {[%emt 0:04:39]} axb5 {[%emt 0:01:16]} 23. Rxa8 {[%emt 0:01:12]} Bxa8 {[%emt 0:00:12]} 24. Rxd8+ {[%emt 0:01:00]} Bxd8 {[%emt 0:06:04]} 25. g6 {[%emt 0:09:57]} Nf4 {[%emt 0:01:54]} 26. gxf7+ {[%emt 0:00:36]} Kxf7 {[%emt 0:00:18]} 27. Bg4 {[%emt 0:02:22]} Nd3 {[%emt 0:01:53]} 28. Nd4 {[%emt 0:00:57]} Bxe4 {[%emt 0:05:48]} 29. Bxe6+ {[%emt 0:00:41]} Kf6 {[%emt 0:01:14]} 30. Qd2 {[%emt 0:00:27]} Qe5 {[%emt 0:00:58]} 31. Bg4 {[%emt 0:00:45]} Bc7 {[%emt 0:01:04]} 32. Kf1 {[%emt 0:01:07]} b4 {[%emt 0:02:55]} 33. f3 {[%emt 0:00:20]} Bg6 {[%emt 0:00:34]} 34. Nc6 {[%emt 0:00:58]} Qg3 {[%emt 0:00:32]} 35. Nxb4 {[%emt 0:00:26]} Nxb4 {[%emt 0:00:20]} 36. Qc3+ {[%emt 0:00:32]} Be5 {[%emt 0:00:14]} 0-1

[Event "Werner Ott Kreuzberger 2019"]
[Site "Berlin"]
[Date "2019.06.30"]
[Round "9.2"]
[White "Stern, Rene"]
[Black "Foerster, Jonas"]
[Result "1-0"]
[WhiteElo "2538"]
[BlackElo "2274"]
[Annotator "ChessBase"]
[PlyCount "77"]
[EventDate "2019.06.22"]
[EventType "swiss"]
[EventCountry "GER"]
[SourceTitle "playchess.com"]
[Source "ChessBase"]
[SourceQuality "1"]
[TimeControl "40/5400+30:1800+30"]

1. Nf3 {[%emt 0:00:00]} d6 {[%emt 0:02:35]} 2. d4 {[%emt 0:00:00]} g6 {[%emt 0:00:36]} 3. e4 {[%emt 0:00:00]} Bg7 {[%emt 0:01:30]} 4. c3 {[%emt 0:00:04]} Nf6 {[%emt 0:05:29]} 5. Bd3 {[%emt 0:00:20]} O-O {[%emt 0:01:35]} 6. O-O {[%emt 0:00:08]} Nc6 {[%emt 0:05:41]} 7. d5 {[%emt 0:00:47]} Nb8 {[%emt 0:00:19]} 8. h3 {[%emt 0:01:41]} c6 {[%emt 0:06:46]} 9. c4 {[%emt 0:00:22]} Na6 {[%emt 0:01:41]} 10. Nc3 {[%emt 0:00:30]} Nc5 {[%emt 0:02:57]} 11. Bc2 {[%emt 0:00:12]} a6 {[%emt 0:10:03]} 12. Be3 {[%emt 0:07:07]} cxd5 {[%emt 0:03:16]} 13. exd5 {[%emt 0:04:58]} Qc7 {[%emt 0:15:38]} 14. Nd4 {[%emt 0:13:27]} e5 {[%emt 0:03:11]} 15. dxe6 {[%emt 0:09:36]} Nxe6 {[%emt 0:02:15]} 16. Na4 {[%emt 0:00:49]} Nxd4 {[%emt 0:03:31]} 17. Bxd4 {[%emt 0:00:22]} Be6 {[%emt 0:01:20]} 18. Nb6 {[%emt 0:00:18]} Rad8 {[%emt 0:01:16]} 19. Rc1 {[%emt 0:00:58]} Nd7 {[%emt 0:01:23]} 20. Bxg7 {[%emt 0:01:24]} Kxg7 {[%emt 0:00:07]} 21. Qd4+ {[%emt 0:01:01]} Kg8 {[%emt 0:00:18]} 22. Nd5 {[%emt 0:00:59]} Bxd5 {[%emt 0:00:09]} 23. Qxd5 {[%emt 0:00:08]} Rfe8 {[%emt 0:07:11]} 24. Be4 {[%emt 0:05:34]} Nc5 {[%emt 0:02:30]} 25. Bf3 {[%emt 0:00:33]} Qb6 {[%emt 0:00:46]} 26. Qd4 {[%emt 0:05:40]} Qb4 {[%emt 0:03:48]} 27. Rfd1 {[%emt 0:11:21]} a5 {[%emt 0:01:11]} 28. h4 {[%emt 0:00:39]} Re5 {[%emt 0:02:18]} 29. g3 {[%emt 0:07:03]} Ne6 {[%emt 0:01:30]} 30. Qd2 {[%emt 0:01:23]} b6 {[%emt 0:04:41]} 31. Rc3 {[%emt 0:03:13]} a4 {[%emt 0:03:23]} 32. Bd5 {[%emt 0:01:35]} Qc5 {[%emt 0:01:37]} 33. Kg2 {[%emt 0:01:57]} Nc7 {[%emt 0:01:05]} 34. Bf3 {[%emt 0:00:07]} h5 {[%emt 0:00:40]} 35. Rd3 {[%emt 0:02:02]} Re6 {[%emt 0:00:49]} 36. Rd4 {[%emt 0:00:30]} Rf6 {[%emt 0:00:52]} 37. b4 {[%emt 0:04:06]} axb3 {[%emt 0:01:00]} 38. axb3 {[%emt 0:00:08]} Qf5 {[%emt 0:03:05]} 39. Rf4 {[%emt 0:01:17]} 1-0